Statistics for Game of Thrones - Regions of Westeros

Click here to take the quiz!

General Stats

  • This quiz has been taken 2,724 times
  • The average score is 7 of 10

Answer Stats

Hint Answer % Correct
WinterfellThe North
99%
GreyjoysThe Iron Islands
89%
SunspearDorne
84%
The EyrieThe Vale
75%
RiverrunThe Riverlands
72%
The OthersBeyond the Wall
71%
HighgardenThe Reach
64%
Storm's EndThe Stormlands
62%
Casterly RockThe Westerlands
53%
King's LandingThe Crownlands
45%

Score Distribution

Percentile by Number Answered

Percent of People with Each Score

Your Score History

You have not taken this quiz